[Event "FIDE World Rapid Team"]
[Site "Almaty KAZ"]
[Date "2024.08.04"]
[Round "9.5"]
[White "Khotenashvili, Bella"]
[Black "Muzychuk, Anna"]
[Result "1-0"]
[WhiteTitle "GM"]
[BlackTitle "GM"]
[WhiteElo "2427"]
[BlackElo "2525"]
[WhiteTeam "Ashdod Chess Club"]
[BlackTeam "Chessy"]
[WhiteFideId "13602640"]
[BlackFideId "14111330"]
[EventDate "2024.08.02"]

1. d4 Nf6 2. Nf3 g6 3. Nbd2 d5 4. b4 Bg7 5. Bb2 a5 6. b5 c5 7. dxc5 Nbd7 8. Bd4
O-O 9. c4 e5 10. Nxe5 Ng4 11. Nxg4 Bf6 12. Be5 Bxe5 13. e3 Bxa1 14. Qxa1 Qg5 15.
Be2 h5 16. h4 Qe7 17. c6 bxc6 18. bxc6 hxg4 19. cxd7 Bxd7 20. h5 g5 21. cxd5 g3
22. Qd4 f6 23. fxg3 Rab8 24. Kf2 Qe5 25. Nf3 Qd6 26. h6 Rb4 27. h7+ Kh8 28. Qd2
Bf5 29. Rc1 Be4 30. Qc3 Qxd5 31. a3 Rb3 32. Qc7 Bxf3 33. gxf3 Re8 34. e4 Qd4+
35. Kf1 Rxa3 36. Qf7 Rd8 37. Rd1 Qb6 38. Rd7 Ra1+ 39. Kg2 Rg1+ 40. Kh3 Rh1+ 41.
Kg4 f5+ 42. exf5 Qb4+ 43. Bc4 Qf8 44. Rxd8 1-0

[Event "FIDE World Rapid Team"]
[Site "Almaty KAZ"]
[Date "2024.08.04"]
[Round "9.6"]
[White "Ainakul, Mukhtar"]
[Black "Tanikin, Isabek"]
[Result "1/2-1/2"]
[WhiteElo "1935"]
[BlackElo "1952"]
[WhiteTeam "Chessy"]
[BlackTeam "Ashdod Chess Club"]
[WhiteFideId "13727354"]
[BlackFideId "13728717"]
[EventDate "2024.08.02"]

1. g3 Nf6 2. Bg2 g6 3. c4 Bg7 4. Nc3 O-O 5. d4 d6 6. Nf3 c6 7. O-O Qc7 8. b3 e5
9. e3 Re8 10. Ba3 e4 11. Nd2 Bf5 12. Rc1 Qe7 13. b4 h5 14. Qb3 h4 15. Rce1 Nbd7
16. Bb2 Nf8 17. d5 N8h7 18. c5 dxc5 19. bxc5 cxd5 20. Nxd5 Nxd5 21. Bxg7 Kxg7
22. Qxd5 Rad8 23. Qc4 Nf6 24. Nb3 Be6 25. Qa4 Bxb3 26. Qxb3 Qxc5 27. Qxb7 Rd7
28. Qb2 Qb6 29. Qxb6 axb6 30. Rb1 Ra7 31. Rb2 Rea8 32. Ra1 hxg3 33. hxg3 Ra4 34.
Bf1 R4a5 35. Bc4 Rc5 36. Bb3 Rh8 37. Rd1 Rch5 38. Kf1 Rh1+ 39. Ke2 Rxd1 40. Kxd1
Rh1+ 41. Ke2 Ng4 42. Bd5 Rh2 43. Ke1 Rh1+ 44. Ke2 Rh2 45. Ke1 Nxe3 46. Bxe4 Nc4
47. Rb4 Nd6 48. Bf3 b5 49. Rd4 Nf5 50. Rd5 Rh8 51. Kf1 Rc8 52. Be4 Rc1+ 53. Kg2
Ra1 54. Bxf5 gxf5 55. Rxb5 Rxa2 56. Rxf5 Kg6 57. Rf4 f5 58. Kh3 Kg5 59. Kg2 Rb2
60. Rd4 Ra2 61. Rd8 Rb2 62. Re8 Ra2 63. Kf3 Ra3+ 64. Re3 Ra2 65. Rd3 Ra8 66. Rb3
Rc8 67. Rb5 Rc3+ 68. Kg2 Rc2 69. Re5 Ra2 70. Kf3 Ra3+ 71. Re3 Ra2 72. Re2 Ra3+
73. Kg2 Ra1 74. f3 Ra5 75. Kh3 Ra1 76. Rd2 Rh1+ 77. Kg2 Ra1 78. Rd5 Kf6 79. f4
Kg6 80. Re5 Rb1 81. Re6+ Kf7 82. Rd6 Kg7 83. Kf3 Rb3+ 84. Kf2 Kf7 85. Kg2 Rb1
86. Rh6 Kg7 87. Rh1 Rb2+ 88. Kh3 Rb6 89. Rd1 Rh6+ 90. Kg2 Kf7 91. Rd7+ Ke6 92.
Ra7 Rh8 93. Ra6+ Kf7 94. Kf3 Rb8 95. Ra3 Kf6 96. Re3 Rb1 97. Re5 Rb2 98. Re2
Rb3+ 99. Re3 Rb2 100. g4 fxg4+ 101. Kxg4 Rg2+ 102. Kf3 Rg1 103. Ra3 Rf1+ 104.
Ke4 Re1+ 105. Kf3 Rf1+ 106. Kg3 Rg1+ 107. Kf2 Rg4 108. Ra4 Kf5 109. Kf3 Rg1 110.
Ra5+ Kf6 111. Re5 Ra1 112. Re3 Kf5 113. Rd3 Rf1+ 114. Ke2 Rxf4 115. Rf3 Rxf3
116. Kxf3 1/2-1/2

[Event "FIDE World Rapid Team"]
[Site "Almaty KAZ"]
[Date "2024.08.04"]
[Round "9.7"]
[White "Tin, Jingyao"]
[Black "Makhnev, Denis"]
[Result "0-1"]
[WhiteTitle "GM"]
[BlackTitle "GM"]
[WhiteElo "2575"]
[BlackElo "2551"]
[WhiteTeam "Theme International Trading"]
[BlackTeam "Astana-1"]
[WhiteFideId "5804418"]
[BlackFideId "13707647"]
[EventDate "2024.08.02"]

1. d4 Nf6 2. c4 e6 3. Nc3 Bb4 4. e3 O-O 5. Bd3 d5 6. a3 Bxc3+ 7. bxc3 c6 8. Nf3
b6 9. O-O Ba6 10. Qe2 Qc7 11. a4 Nbd7 12. a5 bxa5 13. c5 Bxd3 14. Qxd3 e5 15.
Nd2 e4 16. Qe2 Rfb8 17. Ba3 Nf8 18. c4 Ng6 19. cxd5 cxd5 20. Rfb1 Ne7 21. h3 Qc8
22. Rb5 Nc6 23. Rab1 Rxb5 24. Qxb5 Rb8 25. Qa4 Rxb1+ 26. Nxb1 Qb7 27. Nc3 a6 28.
Kf1 h5 29. Ke1 g5 30. Kf1 h4 31. Kg1 Kg7 32. Bc1 Qb4 33. Bd2 Qxa4 34. Nxa4 Ne8
35. Nb6 Nc7 36. f3 f5 37. fxe4 fxe4 38. Kf2 Kf6 39. Ke2 Ke6 40. Be1 Nb5 41. g3
hxg3 42. Bxg3 Na3 43. Be1 Nc4 44. Na4 Ne7 45. Bg3 Kd7 46. Bf2 Nf5 47. Nc3 Kc6
48. Na4 Ne7 49. Be1 Nf5 50. Bd2 Na3 51. Nb6 Nc2 52. Bc1 Ne7 53. Bd2 Kb5 54. Kd1
Na3 55. Na8 a4 56. Nc7+ Kc4 57. Nxa6 Nc6 58. Nc7 Nb1 59. Bc1 a3 60. Kc2 a2 61.
Kb2 Nb4 62. Ne8 Nc3 63. c6 a1=Q+ 64. Kxa1 Kb3 0-1

[Event "FIDE World Rapid Team"]
[Site "Almaty KAZ"]
[Date "2024.08.04"]
[Round "9.8"]
[White "Zhalmakhanov, Ramazan"]
[Black "Jumabayev, Rinat"]
[Result "1/2-1/2"]
[WhiteTitle "IM"]
[BlackTitle "GM"]
[WhiteElo "2497"]
[BlackElo "2577"]
[WhiteTeam "Astana-1"]
[BlackTeam "Theme International Trading"]
[WhiteFideId "13706357"]
[BlackFideId "13702661"]
[EventDate "2024.08.02"]

1. e4 e5 2. Nf3 Nc6 3. Bb5 Nf6 4. d3 Bc5 5. Bxc6 dxc6 6. Nbd2 O-O 7. Nc4 Nd7 8.
O-O Re8 9. Be3 Bf8 10. Nfd2 Nb6 11. Na5 Bb4 12. Nab3 a5 13. a3 Bd6 14. a4 Qf6
15. Qh5 Qg6 16. Qxg6 hxg6 17. f4 exf4 18. Bxf4 Be6 19. Be3 f6 20. Nc5 Bc8 21. b3
Nd5 22. exd5 Rxe3 23. Nce4 cxd5 24. Nxd6 cxd6 25. Kf2 Re8 26. Rae1 Bd7 27. Nf3
Kf7 28. Rxe8 Rxe8 29. h4 Bg4 30. Nd4 Re5 31. b4 axb4 32. Rb1 Re7 33. Rxb4 Rc7
34. Ke3 Bd7 35. a5 Ke7 36. Rb6 Bc8 37. g3 Rc5 38. Nb5 Rxc2 39. Nxd6 Kd8 40. Kd4
Ra2 41. Rb5 Ra4+ 42. Kxd5 Bd7 43. Rc5 Rb4 44. Nc4 Rb3 45. Kd4 Bf5 46. Rd5+ Ke7
47. Ke3 Be6 48. Rc5 Bf5 49. Rd5 Be6 50. Rc5 Bf5 51. Rd5 1/2-1/2

[Event "FIDE World Rapid Team"]
[Site "Almaty KAZ"]
[Date "2024.08.04"]
[Round "9.9"]
[White "Siddharth, Jagadeesh"]
[Black "Kamalidenova, Meruert"]
[Result "0-1"]
[WhiteTitle "IM"]
[BlackTitle "IM"]
[WhiteElo "2516"]
[BlackElo "2352"]
[WhiteTeam "Theme International Trading"]
[BlackTeam "Astana-1"]
[WhiteFideId "5818320"]
[BlackFideId "13712802"]
[EventDate "2024.08.02"]

1. e4 e5 2. Nf3 Nc6 3. Bc4 Nf6 4. d3 h6 5. c3 d6 6. a4 g5 7. O-O Bg7 8. Nbd2 a5
9. Bb3 Bd7 10. Nc4 Be6 11. Re1 g4 12. Nfd2 h5 13. Nf1 Ne7 14. d4 Ng6 15. Nce3
Qc8 16. Ng3 Ne7 17. dxe5 dxe5 18. Nd5 Bxd5 19. exd5 h4 20. Nf1 Qf5 21. Ne3 Qh5
22. d6 cxd6 23. Nc4 O-O 24. Qxd6 Nf5 25. Qd1 Rad8 26. Qe2 e4 27. Bf4 Rfe8 28.
Rad1 Nd5 29. Bc1 Nh6 30. Nxa5 e3 31. fxe3 Nxc3 32. bxc3 Rxd1 33. Rxd1 Qxa5 34.
e4 Qb6+ 35. Kh1 Qxb3 36. Bxh6 Bxh6 37. Qxg4+ Bg7 38. h3 Qxc3 39. Qxh4 Qc2 40.
Qg4 Qxe4 41. Qd7 Qc6 42. Qg4 Qe6 43. Qb4 Qe2 44. Rb1 Rd8 45. Qb3 Be5 46. Rc1 Rd3
47. Qb1 Rxh3+ 0-1

[Event "FIDE World Rapid Team"]
[Site "Almaty KAZ"]
[Date "2024.08.04"]
[Round "9.10"]
[White "Agmanov, Zhandos"]
[Black "Wong, Zhenyong Jayden"]
[Result "0-1"]
[WhiteTitle "IM"]
[BlackTitle "FM"]
[WhiteElo "2458"]
[BlackElo "2397"]
[WhiteTeam "Astana-1"]
[BlackTeam "Theme International Trading"]
[WhiteFideId "13708309"]
[BlackFideId "5821975"]
[EventDate "2024.08.02"]

1. e4 c6 2. Nf3 d5 3. d3 dxe4 4. dxe4 Qxd1+ 5. Kxd1 Nf6 6. Nbd2 g6 7. Ne5 Bh6 8.
f3 Be6 9. c3 Nbd7 10. Nd3 O-O-O 11. Kc2 Nh5 12. g3 f5 13. e5 g5 14. Be2 Bf7 15.
Nb3 f4 16. Nd4 Bg6 17. Ne6 Nxe5 18. Nxd8 Rxd8 19. g4 Ng7 20. Rd1 Ne6 21. b4 c5
22. bxc5 Nxc5 23. Ba3 Nexd3 24. Bxd3 Nxd3 25. Kb3 e5 26. h4 gxh4 27. Be7 Re8 28.
Bxh4 e4 29. fxe4 Bxe4 30. Rf1 f3 31. Rad1 Be3 32. Rxd3 Bxd3 33. Rxf3 Bg6 34. Bg3
Bb6 35. a4 Bc7 36. Bf2 b6 37. a5 Kb7 38. axb6 axb6 39. Bd4 Be5 40. Bf2 Kc6 41.
Be3 b5 42. c4 Rd8 43. Kb4 bxc4 44. Bg5 Rd4 45. Bf6 Bd6+ 46. Ka4 Rxg4 47. Ka5 Rf4 0-1

[Event "FIDE World Rapid Team"]
[Site "Almaty KAZ"]
[Date "2024.08.04"]
[Round "9.11"]
[White "Gong, Qianyun"]
[Black "Kostenko, Petr"]
[Result "0-1"]
[WhiteTitle "WGM"]
[BlackTitle "GM"]
[WhiteElo "2250"]
[BlackElo "2338"]
[WhiteTeam "Theme International Trading"]
[BlackTeam "Astana-1"]
[WhiteFideId "8602425"]
[BlackFideId "13700669"]
[EventDate "2024.08.02"]

1. e4 c6 2. d4 g6 3. Nc3 d6 4. Be3 Nf6 5. Qd2 b5 6. f3 Nbd7 7. O-O-O Qa5 8. Kb1
Rb8 9. Bd3 Nb6 10. Nd5 Qxd2 11. Nxf6+ exf6 12. Bxd2 a6 13. h4 h5 14. Bf4 Be6 15.
Ne2 Kd7 16. Bh2 Bc4 17. Nf4 Bh6 18. e5 Bxf4 19. Bxf4 Nd5 20. Bh2 Ne3 21. Rd2
Bxd3 22. Rxd3 Nxg2 23. Bg3 g5 24. d5 c5 25. exf6 gxh4 26. Bh2 Rbe8 27. Rdd1 Rh6
28. Rhg1 h3 29. a4 Rxf6 30. axb5 axb5 31. f4 Re2 32. Rd3 Ne3 33. Rg3 Nf1 34.
Rxh3 Rxh2 35. Rxh2 Nxh2 36. Rh3 Ng4 37. Rxh5 Rxf4 38. b3 Rf2 39. Rh3 b4 40. Kb2
Nf6 41. Rd3 Ne4 42. Re3 Nc3 43. Re1 Nxd5 0-1

[Event "FIDE World Rapid Team"]
[Site "Almaty KAZ"]
[Date "2024.08.04"]
[Round "9.12"]
[White "Naimanov, Rinat"]
[Black "Zhang, Changjie"]
[Result "1/2-1/2"]
[WhiteElo "1749"]
[BlackElo "1809"]
[WhiteTeam "Astana-1"]
[BlackTeam "Theme International Trading"]
[WhiteFideId "13785109"]
[BlackFideId "5801877"]
[EventDate "2024.08.02"]

1. e4 e6 2. d4 d5 3. e5 c5 4. c3 Nc6 5. Nf3 Qb6 6. Bd3 Nh6 7. dxc5 Bxc5 8. O-O
Nf5 9. b4 Be7 10. Bxf5 exf5 11. Qxd5 Be6 12. Qd1 Rd8 13. Qc2 O-O 14. Re1 Rd5 15.
a4 Rfd8 16. Na3 Qc7 17. Bf4 Rd3 18. Nb5 Qc8 19. Nbd4 Nxd4 20. Qxd3 Nb3 21. Qe3
Nxa1 22. Rxa1 a6 23. Nd4 Qc4 24. Bg5 Bxg5 25. Qxg5 Rc8 26. Rc1 h6 27. Qe3 Rd8
28. f4 Bd5 29. e6 fxe6 30. Re1 Re8 31. Nxf5 Rf8 32. Nd4 Re8 33. Qe5 Qxc3 34. Nf5
Qxe5 35. Rxe5 Rd8 36. Ne7+ Kf7 37. Nxd5 exd5 38. Kf2 d4 39. Ke2 d3+ 40. Kd2 Rd4
41. a5 Rxb4 42. Kxd3 Rxf4 43. Rc5 Rb4 44. Rc7+ Kf6 45. Kc3 Rb5 46. Kc4 h5 47. g3
g6 48. h4 g5 49. Rc5 gxh4 50. gxh4 Rb1 51. Rxh5 Kg6 52. Rc5 Ra1 53. Kd5 Kh5 54.
Kd6+ Kxh4 55. Kc7 Rb1 56. Rd5 Kg4 57. Rd6 Rb5 58. Rb6 Rxa5 59. Kxb7 1/2-1/2

[Event "FIDE World Rapid Team"]
[Site "Almaty KAZ"]
[Date "2024.08.04"]
[Round "9.13"]
[White "Sindarov, Javokhir"]
[Black "Bilguun, Sumiya"]
[Result "1-0"]
[WhiteTitle "GM"]
[BlackTitle "GM"]
[WhiteElo "2674"]
[BlackElo "2470"]
[WhiteTeam "Royal Chess"]
[BlackTeam "Hunnu Air"]
[WhiteFideId "14205483"]
[BlackFideId "4901541"]
[EventDate "2024.08.02"]

1. e4 c5 2. Nf3 e6 3. c3 d5 4. e5 d4 5. d3 Nc6 6. g3 Nge7 7. Bg2 Ng6 8. Qe2 Qc7
9. Na3 a6 10. O-O Ncxe5 11. Nxe5 Qxe5 12. Be4 f5 13. Nc4 Qf6 14. Bg2 Qd8 15. h4
Ne7 16. cxd4 cxd4 17. Bg5 Kf7 18. Rfe1 Kg8 19. Bxb7 Ra7 20. Bxc8 Qxc8 21. Rac1
h6 22. Nb6 Qe8 23. Qxe6+ Qf7 24. Bxe7 Rxe7 25. Qxf7+ Kxf7 26. Rxe7+ Bxe7 27. Rc7
Ke6 28. Rc6+ Kf7 29. Nd5 Rd8 30. Nxe7 Kxe7 31. Kf1 a5 32. Rc5 Rb8 33. Rxf5 Rxb2
34. Rxa5 Rd2 35. Ra3 Ke6 36. Ke1 Rb2 37. Ra5 Rb1+ 38. Ke2 Rb2+ 39. Kf3 Rd2 40.
Ra3 h5 41. Ra6+ Kf7 42. Ra4 Rxd3+ 43. Ke2 Rc3 44. Rxd4 Ra3 45. Rd2 Kf6 46. Kd1
Kf5 47. Kc1 Ke4 48. Kb2 Ra7 49. a3 Kf3 50. Kb3 Rb7+ 51. Kc4 Ra7 52. Ra2 Ke4 53.
a4 Rc7+ 54. Kb5 Kd5 55. Rd2+ Ke6 56. a5 1-0

[Event "FIDE World Rapid Team"]
[Site "Almaty KAZ"]
[Date "2024.08.04"]
[Round "9.14"]
[White "Munkhdalai, Amilal"]
[Black "Yakubboev, Nodirbek"]
[Result "1/2-1/2"]
[WhiteTitle "IM"]
[BlackTitle "GM"]
[WhiteElo "2374"]
[BlackElo "2655"]
[WhiteTeam "Hunnu Air"]
[BlackTeam "Royal Chess"]
[WhiteFideId "4903250"]
[BlackFideId "14203987"]
[EventDate "2024.08.02"]

1. e4 e5 2. Nf3 Nc6 3. Bb5 a6 4. Ba4 d6 5. O-O Bd7 6. c3 g6 7. d4 Bg7 8. Re1 h6
9. dxe5 dxe5 10. Qe2 Nge7 11. Nbd2 O-O 12. Nf1 Qe8 13. Bc2 Be6 14. Ng3 Rd8 15.
Nd2 Nc8 16. Bb3 Nd6 17. Nc4 Nxc4 18. Bxc4 Na5 19. Bxe6 Qxe6 20. b3 Rd7 21. Be3
Rfd8 22. Rad1 Nc6 23. Nf1 Bf8 24. Bc1 h5 25. Ne3 Ne7 26. Rxd7 Rxd7 27. Rd1 b5
28. Rxd7 Qxd7 29. Ba3 Bh6 30. g3 Kg7 31. Kg2 Ng8 32. Nd5 c6 33. Nb4 h4 34. Nd3
h3+ 35. Kf1 Qc7 36. Bc5 Nf6 37. f3 Nd7 38. Be3 Bxe3 39. Qxe3 c5 40. Nf2 c4 41.
b4 a5 42. a3 axb4 43. axb4 Qd6 44. Nxh3 Qd1+ 45. Kg2 Nf8 46. Nf2 Qc2 47. Kh3 Qb1
48. Kg2 Qc2 49. Kg1 Qb1+ 50. Kg2 Qc2 51. Kh3 Qb1 52. Ng4 Qf1+ 53. Kh4 Nh7 54.
Nxe5 Qg2 55. h3 g5+ 56. Kg4 Nf6+ 57. Kf5 Qxh3+ 58. Ng4 Qh7+ 59. Ke5 Nxg4+ 60.
fxg4 Qg6 61. Kd5 Qe6+ 62. Kc5 Qe5+ 63. Kc6 Qe8+ 1/2-1/2

[Event "FIDE World Rapid Team"]
[Site "Almaty KAZ"]
[Date "2024.08.04"]
[Round "9.15"]
[White "Vokhidov, Shamsiddin"]
[Black "Agibileg, Uurtsaikh"]
[Result "1-0"]
[WhiteTitle "GM"]
[BlackTitle "IM"]
[WhiteElo "2643"]
[BlackElo "2411"]
[WhiteTeam "Royal Chess"]
[BlackTeam "Hunnu Air"]
[WhiteFideId "14204223"]
[BlackFideId "4901606"]
[EventDate "2024.08.02"]

1. e4 c5 2. Nf3 e6 3. d4 cxd4 4. Nxd4 Nc6 5. Nc3 a6 6. Bf4 d6 7. Nxc6 bxc6 8.
Qd2 e5 9. Bg3 Be6 10. f4 exf4 11. Bxf4 Qa5 12. Bxd6 Rd8 13. e5 Bxd6 14. exd6 Nf6
15. O-O-O O-O 16. a3 Rd7 17. Qf4 Rfd8 18. Bd3 Nd5 19. Qe5 Qb6 20. Ne4 h6 21. c4
Qe3+ 22. Kb1 Qf4 23. Qxf4 Nxf4 24. c5 Rb8 25. Rhf1 Nxd3 26. Rxd3 Bc4 27. Rg3
Rxb2+ 28. Kxb2 Rb7+ 29. Kc3 Bxf1 30. Nf6+ Kf8 31. Nh7+ Kg8 32. d7 Rb8 33. Re3
Kxh7 34. Re8 Rb5 35. d8=Q Rxc5+ 36. Kb2 1-0

[Event "FIDE World Rapid Team"]
[Site "Almaty KAZ"]
[Date "2024.08.04"]
[Round "9.16"]
[White "Chinguun, Sumiya"]
[Black "Vakhidov, Jakhongir"]
[Result "0-1"]
[WhiteTitle "FM"]
[BlackTitle "GM"]
[WhiteElo "2389"]
[BlackElo "2571"]
[WhiteTeam "Hunnu Air"]
[BlackTeam "Royal Chess"]
[WhiteFideId "4902572"]
[BlackFideId "14201801"]
[EventDate "2024.08.02"]

1. e4 c5 2. Nf3 Nc6 3. d4 cxd4 4. Nxd4 g6 5. Nc3 Bg7 6. Be3 Nf6 7. Bc4 O-O 8.
Bb3 d6 9. f3 Bd7 10. Qd2 Nxd4 11. Bxd4 b5 12. O-O-O a5 13. a4 bxa4 14. Ba2 Rb8
15. e5 dxe5 16. Bxe5 Qb6 17. b3 axb3 18. cxb3 a4 19. bxa4 Ne4 20. Nd5 Qc5+ 21.
Qc2 Qa3+ 22. Qb2 Rfc8+ 23. Bc3 Qxb2# 0-1

[Event "FIDE World Rapid Team"]
[Site "Almaty KAZ"]
[Date "2024.08.04"]
[Round "9.17"]
[White "Nurman, Alua"]
[Black "Mungunzul, Bat-Erdene"]
[Result "0-1"]
[WhiteTitle "WIM"]
[BlackTitle "WCM"]
[WhiteElo "2324"]
[BlackElo "2224"]
[WhiteTeam "Royal Chess"]
[BlackTeam "Hunnu Air"]
[WhiteFideId "13729390"]
[BlackFideId "4902831"]
[EventDate "2024.08.02"]

1. e4 e5 2. Nf3 Nc6 3. Bb5 a6 4. Ba4 Nf6 5. O-O Be7 6. Re1 b5 7. Bb3 d6 8. c3
O-O 9. h3 Na5 10. Bc2 c5 11. d4 Nd7 12. d5 Nb6 13. b3 Nb7 14. Nbd2 g6 15. Nf1 f5
16. exf5 gxf5 17. Ng3 Kh8 18. a4 bxa4 19. bxa4 Na5 20. Rb1 Rb8 21. Bh6 Rf7 22.
Nh2 Qg8 23. Qh5 Qg6 24. Nf3 Rb7 25. Ng5 Rf6 26. h4 Kg8 27. Qxg6+ hxg6 28. Red1
Nac4 29. Bd3 a5 30. Rb5 Bd8 31. Nh3 Rff7 32. Bg5 Bc7 33. Ra1 Ra7 34. Bc1 Ba6 35.
Rbb1 Nxd5 36. Ng5 Re7 37. h5 f4 38. N3e4 gxh5 39. Rb3 Kg7 40. Be2 Ndb6 41. Bxh5
d5 42. Nxc5 Kh6 43. Nge6 Kxh5 44. Nxc7 Rexc7 45. Nxa6 Rxa6 46. g3 Kg4 47. gxf4
exf4 48. Ra2 Kf3 49. Kf1 Rh7 50. Kg1 Ra8 0-1

[Event "FIDE World Rapid Team"]
[Site "Almaty KAZ"]
[Date "2024.08.04"]
[Round "9.18"]
[White "Erkhembayar, Amartaivan"]
[Black "Khassenov, Mansur"]
[Result "1-0"]
[WhiteElo "1962"]
[BlackElo "1982"]
[WhiteTeam "Hunnu Air"]
[BlackTeam "Royal Chess"]
[WhiteFideId "4904800"]
[BlackFideId "13768700"]
[EventDate "2024.08.02"]

1. d4 Nf6 2. Bf4 d5 3. Nc3 c5 4. e3 cxd4 5. exd4 Bg4 6. f3 Bd7 7. Nb5 Bxb5 8.
Bxb5+ Nc6 9. c3 e6 10. Ne2 Be7 11. O-O O-O 12. Kh1 Qb6 13. Qa4 Rfc8 14. Rab1 a6
15. Bxc6 Rxc6 16. Rfe1 Rac8 17. Qd1 Qa5 18. a3 b5 19. Nc1 Qd8 20. Nd3 Nd7 21.
Bd2 Nb6 22. Ne5 R6c7 23. f4 Nc4 24. Qh5 g6 25. Qe2 Bf6 26. Nf3 a5 27. g4 Qd6 28.
f5 exf5 29. gxf5 Re7 30. Qg2 Rce8 31. Rxe7 Rxe7 32. Rf1 Nxb2 33. Bg5 Nc4 34.
Bxf6 Qxf6 35. fxg6 hxg6 36. Ng5 Qg7 37. Qxd5 Ne3 38. Qd8+ Qf8 39. Qxf8+ Kxf8 40.
Rb1 Rb7 41. Ne4 Nc4 42. Nc5 Ra7 43. a4 bxa4 44. Nxa4 Kg7 45. Rb5 Nd6 46. Rb6 Nc4
47. Rc6 Ne3 48. Kg1 Nd5 49. c4 Nb4 50. Rc8 Rd7 51. d5 Nxd5 52. cxd5 Rxd5 53. Nc3
Rg5+ 54. Kf2 Rf5+ 55. Kg2 Rg5+ 56. Kh1 Re5 57. Ra8 Rc5 58. Ne4 Rc1+ 59. Kg2 Rc2+
60. Kg3 Re2 61. Nd6 Rd2 62. Ne8+ Kf8 63. Nc7+ Kg7 64. Rxa5 Rd3+ 65. Kg4 Rd4+ 66.
Kf3 Rd3+ 67. Kf4 Rd4+ 68. Ke3 Rc4 69. Ne8+ Kf8 70. Nf6 Rc2 71. Ra8+ Kg7 72. Ng4
Rc3+ 73. Kf4 Rc4+ 74. Kf3 Rc3+ 75. Ne3 Rb3 76. Ra6 Rb2 77. h3 Rb3 78. Ra4 Rb1
79. Ra3 Rh1 80. Kg2 Rb1 81. Ng4 Rb2+ 82. Kg3 Rb1 83. Ne5 Re1 84. Nf3 Rb1 85. Ra7
Rb3 86. Rd7 Kf6 87. Kf4 Rb4+ 88. Rd4 Rb5 89. Rd6+ Ke7 90. Ra6 Rf5+ 91. Kg4 Rb5
92. Ng5 Rb4+ 93. Kg3 Rb3+ 94. Kf2 f6 95. Re6+ Kf8 96. Rxf6+ Kg7 97. Rf7+ Kh6 98.
Nf3 Rb2+ 99. Kg3 Rb3 100. Kg4 Rb1 101. h4 Rg1+ 102. Nxg1 1-0

[Event "FIDE World Rapid Team"]
[Site "Almaty KAZ"]
[Date "2024.08.04"]
[Round "9.19"]
[White "Gurel, Ediz"]
[Black "Niemann, Hans Moke"]
[Result "0-1"]
[WhiteTitle "GM"]
[BlackTitle "GM"]
[WhiteElo "2602"]
[BlackElo "2711"]
[WhiteTeam "Rookies"]
[BlackTeam "GMHans.com"]
[WhiteFideId "44507356"]
[BlackFideId "2093596"]
[EventDate "2024.08.02"]

1. e4 c6 2. Nf3 d5 3. d3 g6 4. e5 f6 5. d4 Bg7 6. exf6 Nxf6 7. Be2 O-O 8. O-O c5
9. c4 cxd4 10. cxd5 Nxd5 11. Nxd4 Nc6 12. Nxc6 bxc6 13. Bf3 Rb8 14. Nd2 Ba6 15.
Be2 Bxe2 16. Qxe2 Nf4 17. Qc4+ Qd5 18. Rb1 Nd3 19. Qxd5+ cxd5 20. Nb3 e5 21. f3
Rfc8 22. Rd1 Nb4 23. a3 Nc2 24. Nd2 a5 25. b3 Bf8 26. Bb2 d4 27. Rbc1 Bh6 28.
Kf2 Kf8 29. Ke2 Ne3 30. Rg1 Nd5 31. Rxc8+ Rxc8 32. Rc1 Rb8 33. Rc5 Nf4+ 34. Kd1
Nd3 35. Rc2 Bxd2 36. Kxd2 Rxb3 37. Bc3 Nf4 38. Bxa5 Nxg2 39. Rc7 Rxf3 40. Bb4+
Kg8 41. Rc8+ Kg7 42. Bd6 e4 43. a4 Rf2+ 44. Kc1 d3 45. Be5+ Kf7 46. Bd4 e3 47.
Rc7+ Ke6 0-1

[Event "FIDE World Rapid Team"]
[Site "Almaty KAZ"]
[Date "2024.08.04"]
[Round "9.20"]
[White "Tabatabaei, M. Amin"]
[Black "Zemlyanskii, Ivan"]
[Result "1-0"]
[WhiteTitle "GM"]
[BlackTitle "FM"]
[WhiteElo "2712"]
[BlackElo "2543"]
[WhiteTeam "GMHans.com"]
[BlackTeam "Rookies"]
[WhiteFideId "12521213"]
[BlackFideId "24249971"]
[EventDate "2024.08.02"]

1. e4 c5 2. Nf3 e6 3. g3 Nc6 4. Bg2 Nf6 5. d3 d5 6. Qe2 Be7 7. O-O O-O 8. a4 d4
9. Na3 e5 10. Nc4 Qc7 11. Nh4 g6 12. f4 exf4 13. Bxf4 Qd8 14. b3 Bg4 15. Qd2 Nh5
16. Bh6 Re8 17. Bf3 Qd7 18. Bg5 f6 19. Bh6 Ng7 20. Bxg4 Qxg4 21. Rf4 Qd7 22.
Raf1 Nd8 23. R4f2 Nge6 24. e5 f5 25. Nxf5 gxf5 26. Rxf5 Nf8 27. Rxf8+ Bxf8 28.
Rxf8+ Rxf8 29. Qg5+ Kh8 30. Bxf8 Ne6 31. Qf6+ Kg8 32. Bh6 Qf7 33. Nd6 Qg6 34.
Kg2 Rd8 35. Qxg6+ hxg6 36. h4 Kh7 37. Bf4 g5 38. Bxg5 Rf8 39. Bf6 Nc7 40. g4 Nd5
41. g5 Kg6 42. Nxb7 Kf5 43. Nd6+ Kg4 44. Ne4 Nf4+ 45. Kf2 Ng6 46. e6 Re8 47.
Nxc5 Nxh4 48. Bxd4 Kxg5 49. Ke3 Kf5 50. a5 Ng2+ 51. Kd2 Nf4 52. b4 a6 53. Nxa6
Rxe6 54. Nc5 Re2+ 55. Kc3 Rg2 56. Kb3 Ne2 57. Bb2 Nf4 58. a6 Ne6 59. Nxe6 Kxe6
60. b5 Kd5 1-0

[Event "FIDE World Rapid Team"]
[Site "Almaty KAZ"]
[Date "2024.08.04"]
[Round "9.21"]
[White "Samadov, Read"]
[Black "Dardha, Daniel"]
[Result "1/2-1/2"]
[WhiteTitle "IM"]
[BlackTitle "GM"]
[WhiteElo "2509"]
[BlackElo "2608"]
[WhiteTeam "Rookies"]
[BlackTeam "GMHans.com"]
[WhiteFideId "13417444"]
[BlackFideId "240990"]
[EventDate "2024.08.02"]

1. d4 Nf6 2. c4 e6 3. Nf3 b6 4. g3 Bb7 5. Bg2 Be7 6. O-O O-O 7. Re1 a5 8. Bf4 h6
9. Nc3 Bb4 10. Qc2 Bxc3 11. Qxc3 d6 12. Rad1 Nbd7 13. b3 Be4 14. Bc1 Qe7 15. Bb2
d5 16. Bf1 a4 17. Nd2 axb3 18. axb3 Ra2 19. Ra1 Rfa8 20. b4 dxc4 21. Nxe4 Nxe4
22. Qxc4 Rxa1 23. Rxa1 Rxa1 24. Bxa1 Ndf6 25. Bg2 Qd7 26. Qc2 Nd6 27. e4 Nb5 28.
Qd3 c6 29. d5 cxd5 30. Bxf6 gxf6 31. exd5 Nc7 32. d6 Ne8 33. Bc6 Qxd6 34. Qb5
Nc7 35. Qxb6 Nd5 36. Qc5 Qe5 37. Bxd5 exd5 38. b5 Qe1+ 39. Kg2 Qe4+ 40. Kf1 d4
41. Qc4 f5 42. h4 Kg7 43. Qb4 Qd3+ 44. Ke1 f4 45. gxf4 Qe4+ 46. Kd2 Qxf4+ 47.
Kd3 Qf3+ 48. Kxd4 Qxf2+ 49. Kd5 Qf5+ 50. Kc4 Qe6+ 51. Kc3 Qe1+ 52. Kb3 Qb1+ 53.
Ka4 Qa2+ 54. Qa3 Qc4+ 55. Ka5 f5 56. Qe7+ Kg6 57. Qe8+ Kg7 58. Qd7+ Kg8 59. Qxf5
Qxh4 60. Qe6+ Kg7 61. Qe5+ Kg6 62. Qe6+ Kg7 63. b6 Qd4 64. Qe7+ Kg6 65. b7 Qa1+
66. Kb6 Qb2+ 67. Kc7 Qc2+ 68. Kd8 Qd2+ 69. Ke8 Qf4 70. Qe6+ Kg5 71. Qd5+ Kg4 72.
Qd7+ Kg3 73. Qg7+ Kh4 74. Qe7+ Kg3 75. Qa3+ Kg4 76. Qb3 Qe5+ 77. Kd7 Qd4+ 78.
Kc6 Qf6+ 79. Kd7 Qd4+ 80. Ke6 Qe4+ 81. Kd6 Qd4+ 82. Qd5 Qb6+ 83. Kd7 Kh4 84. Kc8
Qa6 85. Qd4+ Kg3 86. Qe5+ Kg4 87. Qd4+ Kg3 88. Qe3+ Kg4 89. Qe4+ Kg3 90. Qe5+
Kg4 91. Qc5 Qe6+ 92. Kc7 Qf7+ 93. Kb6 Qb3+ 94. Kc6 Qe6+ 95. Qd6 Qc4+ 96. Kd7
Qf7+ 97. Kc8 Qc4+ 98. Kd8 Qg8+ 99. Kc7 Qc4+ 100. Kd7 Qf7+ 101. Qe7 Qd5+ 102. Kc7
Qc4+ 103. Kb6 Qb3+ 104. Kc6 Qa4+ 105. Kc7 Qc4+ 106. Kd8 Qg8+ 107. Qe8 Qg5+ 108.
Kc7 Qf4+ 109. Kb6 Qd4+ 110. Kc7 Qf4+ 111. Kc8 Qc1+ 112. Kd8 Qg5+ 113. Qe7 Qg8+
114. Kc7 Qc4+ 115. Kb6 Qb3+ 116. Kc6 Qa4+ 117. Kc7 Qc4+ 1/2-1/2